<?xml version="1.0" encoding="UTF-8"?><?xml-stylesheet type="text/xsl" href="static/style.xsl"?><OAI-PMH xmlns="http://www.openarchives.org/OAI/2.0/" xmlns:xsi="http://www.w3.org/2001/XMLSchema-instance" xsi:schemaLocation="http://www.openarchives.org/OAI/2.0/ http://www.openarchives.org/OAI/2.0/OAI-PMH.xsd"><responseDate>2026-04-29T01:50:35Z</responseDate><request verb="GetRecord" identifier="oai:repisalud.isciii.es:20.500.12105/10211" metadataPrefix="marc">https://repisalud.isciii.es/rest/oai/request</request><GetRecord><record><header><identifier>oai:repisalud.isciii.es:20.500.12105/10211</identifier><datestamp>2025-06-10T08:21:08Z</datestamp><setSpec>com_20.500.12105_2203</setSpec><setSpec>com_20.500.12105_2202</setSpec><setSpec>col_20.500.12105_19583</setSpec><setSpec>col_20.500.12105_19505</setSpec><setSpec>col_20.500.12105_19585</setSpec></header><metadata><record xmlns="http://www.loc.gov/MARC21/slim" xmlns:dcterms="http://purl.org/dc/terms/" xmlns:doc="http://www.lyncode.com/xoai" xmlns:xsi="http://www.w3.org/2001/XMLSchema-instance" xsi:schemaLocation="http://www.loc.gov/MARC21/slim http://www.loc.gov/standards/marcxml/schema/MARC21slim.xsd">
   <leader>00925njm 22002777a 4500</leader>
   <datafield ind2=" " ind1=" " tag="042">
      <subfield code="a">dc</subfield>
   </datafield>
   <datafield ind2=" " ind1=" " tag="720">
      <subfield code="a">Plaza-Ramos, Jose A.</subfield>
      <subfield code="e">author</subfield>
   </datafield>
   <datafield ind2=" " ind1=" " tag="720">
      <subfield code="a">Primo-Peña, Elena</subfield>
      <subfield code="e">author</subfield>
   </datafield>
   <datafield ind2=" " ind1=" " tag="720">
      <subfield code="a">Bojo Canales, Cristina</subfield>
      <subfield code="e">author</subfield>
   </datafield>
   <datafield ind2=" " ind1=" " tag="720">
      <subfield code="a">Molina, Pampa</subfield>
      <subfield code="e">author</subfield>
   </datafield>
   <datafield ind2=" " ind1=" " tag="720">
      <subfield code="a">Grupo de Análisis Científico de Coronavirus del ISCIII (GACC-ISCIII)</subfield>
      <subfield code="e">author</subfield>
   </datafield>
   <datafield ind2=" " ind1=" " tag="260">
      <subfield code="c">2020-04-19</subfield>
   </datafield>
   <datafield ind2=" " ind1=" " tag="520">
      <subfield code="a">La pandemia de COVID-19 está poniendo de mayor relieve la evolución que la difusión y la comunicación de la ciencia ya llevan tiempo experimentando. Tanto la ciencia como su difusión están viviendo un punto de inflexión y algunos de los cambios que se observaban en los últimos años se están acelerando y están ganando relevancia con la cobertura informativa del nuevo coronavirus. Para entender estos cambios hay que saber de qué manera se difunde la ciencia. En el ámbito profesional, una de las principales formas que tiene la comunidad investigadora de dar a conocer su trabajo es la publicación de artículos científicos, que describen en revistas científicas las investigaciones y sus resultados. Estos artículos, que se publican en revistas de diferente prestigio, son revisados y evaluados por otros investigadores antes de salir a la luz, proceso que se conoce como ‘revisión por pares’ o ‘peer review’. Esta es una de las características del método científico, un consenso profesional que también obliga a que los resultados de una investigación sean reproducibles para considerarlos como válidos. Una vez publicados en revistas científicas, para acceder a los artículos científicos la comunidad investigadora debe pagar tasas. En las últimas décadas está cobrando relevancia el ‘Open Access’ o ‘Acceso Abierto’, un movimiento que promueve un acceso libre y sin restricciones a la información producida por los investigadores, así como su reutilización. Este concepto trata de cambiar el modelo establecido, en el que la comunidad investigadora no siempre tiene un acceso fácil y gratuito al trabajo de sus colegas. Al respecto, la existencia de repositorios de los llamados ‘preprints’ -artículos científicos que aún no han sido revisados ni publicados en una revista científica- supone otro factor en la ecuación de la difusión de la ciencia.</subfield>
   </datafield>
   <datafield ind1="8" ind2=" " tag="024">
      <subfield code="a">http://hdl.handle.net/20.500.12105/10211</subfield>
   </datafield>
   <datafield tag="653" ind2=" " ind1=" ">
      <subfield code="a">COVID-19</subfield>
   </datafield>
   <datafield tag="653" ind2=" " ind1=" ">
      <subfield code="a">Coronavirus</subfield>
   </datafield>
   <datafield tag="653" ind2=" " ind1=" ">
      <subfield code="a">SARS-CoV-2</subfield>
   </datafield>
   <datafield tag="653" ind2=" " ind1=" ">
      <subfield code="a">Salud pública</subfield>
   </datafield>
   <datafield tag="653" ind2=" " ind1=" ">
      <subfield code="a">Conocimiento científico</subfield>
   </datafield>
   <datafield tag="653" ind2=" " ind1=" ">
      <subfield code="a">Difusión de la ciencia</subfield>
   </datafield>
   <datafield tag="653" ind2=" " ind1=" ">
      <subfield code="a">Open Access</subfield>
   </datafield>
   <datafield tag="653" ind2=" " ind1=" ">
      <subfield code="a">Acceso abierto</subfield>
   </datafield>
   <datafield ind2="0" ind1="0" tag="245">
      <subfield code="a">Informe del grupo de análisis científico de coronavirus del ISCIII (GACC-ISCIII). Difusión y comunicación de la ciencia</subfield>
   </datafield>
</record></metadata></record></GetRecord></OAI-PMH>